• 首页
  • 本馆介绍
  • 公告通知
  • 最新文献
  • 馆藏检索
  • 电子资源
  • 读者导购
  • 参考咨询
  • 我的图书馆
  • 登录
  • 详细信息显示
  • 放入我的书架
  • 预约/预借图书
  • 作者相关作品
  • 分类相关作品
  • 丛书相关作品
  • 出版社相关作品

书目信息

  • 表格格式
  • 工作单格式
  • 卡片格式
题名:
战后日本史
    
 
作者: 井上清 著 ;天津市历史研究所 译 ;南开大学历史系 译
分册: 下册  
出版信息: 天津   天津人民出版社  1972.09
页数: 244页
开本: 32开
丛书名:
单 册:
中图分类: K313.5
科图分类:
主题词: 东亚--历史
电子资源:
ISBN:
000 00709nam0 2200229 45
001 0212050967
005 20031219104101.7
010    @dCNY1.52
091    @a11072.2
100    @a20021205d1972 km y0chiy0120 ea
101 0  @achi
105    @a z 000yy
200 1  @a战后日本史@AZhan Hou Ri Ben Shi@h下册@f井上清著@FJing Shang Qing Zhu@g天津市历史研究所,南开大学历史系译
210    @a天津@c天津人民出版社@d1972.09
215    @a244页@d32开
606 0  @a东亚@x历史
690    @aK313.5@v3
701  0 @a井上清@4著
711 02 @a天津市历史研究所@ATian Jin Shi Li Shi Yan Jiu Suo@4译
712 02 @a南开大学历史系@ANan Kai Da Xue Li Shi Xi@4译
801    @aCN@bTSTC@c20021205
905    @dK313.5@e20:2@f1@b219268
    
    战后日本史.下册/井上清著/天津市历史研究所,南开大学历史系译.-天津:天津人民出版社,1972.09
    244页;32开
    
    
    ISBN :CNY1.52
    
●
相关链接 在E读中查询图书 在五车中查询图书 在当当中查询图书 在豆瓣中查询图书


正题名:战后日本史     索取号:K313.5/20:2         预约/预借

序号 登录号 条形码 馆藏地/架位号 状态 备注
1 0219268   001732003   密集书库/ [索取号:K313.5/20:2] 在馆    
唐山师范学院图书馆 欢迎您!
大连网信软件有限公司© 版权所有